书目信息 |
| 题名: |
马克思传
|
|
| 作者: | 格姆科夫 ;易廷镇侯焕良 | |
| 分册: | ||
| 出版信息: | 北京 三联书店 1978 |
|
| 页数: | 369 | |
| 开本: | 20cm | |
| 丛书名: | ||
| 单 册: | ||
| 中图分类: | A711 | |
| 科图分类: | ||
| 主题词: | 列宁--传记 , 毛泽东--生平事迹 , 毛泽东--传记 , 恩格斯--生平事迹 , 恩格斯--传记 , 列宁--生平事迹 , 马克思--生事迹 , 马克思--传记 | |
| 电子资源: | ||
| ISBN: | ||
| 000 | 00782nam0 2200277 450 | |
| 001 | 0735257515 | |
| 005 | 20070904094737.51 | |
| 010 | @d1.25 | |
| 100 | @a20070904d km y0chiy0120 ea | |
| 101 | 0 | @achi |
| 200 | 1 | @a马克思传@Ama ke si chuan@f格姆科夫等@Fge mu ke fu deng@g易廷镇侯焕良@Gyi ting zhen hou huan liang |
| 210 | @a北京@c三联书店@d1978 | |
| 215 | @a369@d20cm | |
| 606 | 0 | @a列宁@x传记 |
| 606 | 0 | @a毛泽东@x生平事迹 |
| 606 | 0 | @a毛泽东@x传记 |
| 606 | 0 | @a恩格斯@x生平事迹 |
| 606 | 0 | @a恩格斯@x传记 |
| 606 | 0 | @a列宁@x生平事迹 |
| 606 | 0 | @a马克思@x生事迹 |
| 606 | 0 | @a马克思@x传记 |
| 690 | @aA711@v3 | |
| 701 | 0 | @a格姆科夫@Age mu ke fu |
| 702 | 0 | @a易廷镇侯焕良@Ayi ting zhen hou huan liang |
| 801 | 0 | @aCN@bPFT@c20070904 |
| 905 | @a213230@dA711@ea1@f1 | |
| 马克思传/格姆科夫等/易廷镇侯焕良.-北京:三联书店,1978 |
| 369;20cm |
| ISBN :1.25 |
| ● |
| 相关链接 |
|
|
|
|
正题名:马克思传
索取号:A711/a1
 
预约/预借
| 序号 | 登录号 | 条形码 | 馆藏地/架位号 | 状态 | 备注 |
| 1 | 7500108 | 275001089 | 史法系资料室/ [索取号:A711/a1] | 在馆 |